000 00460nam a2200193Ia 4500
008 240510s9999 xx 000 0 und d
020 _a0000805302433
041 _aEng
082 _a005.43
082 _bS51
100 _aSOBELL, M.G.
245 2 _aA Practical Guide to the UNIX System
260 _bTHE BENJAMIN/CUMINGS PUL. CO. : CALIFORNIA
260 _c1989
300 _a632 p.
650 _aOPERATING SYSTEMS
942 _2ddc
942 _cLBK
999 _c23642
_d23642
945 _a1
_bMadushi Gamage
_c1
_dMadushi Gamage